000 00495cab a2200193 4500
001 X496
008 090401t1993 xxu||||| |||| 00| 0 eng d
035 _a(Sirsi) u65994
041 _aeng
100 _aBardill, G.
245 _aAitik : visiting Western Europe`s largest copper mine
260 _c1993
350 _a0
490 _aCS Monthly : Minerals bulletin
_v2(6) March 1993, 5-6(2)
650 _aCOPPER MINES
690 _aMINING AND MINERALS
942 _n0
948 _c04/03/1997
999 _c41234
_d41234